书目信息 |
| 书名: | Operations management | |
| 作者: | Richard J. Schonberger, Edward M. Knod, Jr. | |
| 分册号: | ||
| 分册名: | 出版地: | Burr Ridge, Ill. : |
|
| 出版社: | Irwin | |
| 出版时间: | c1994. | |
| 页数: | xvii, 661 p. : | |
| 开本: | 26 cm. | |
| 丛书名: | ||
| 中图分类号: | ||
| 科图分类号: | ||
| 其他分类号: | F273 | |
| 主题词: | ||
| 电子资源: | ||
| 000 | 00974cam 2200313 a 4500 | |
| 001 | E0763677696 | |
| 005 | 20070506174518.26 | |
| 008 | 010413s1994 ilua b 001 0 eng | |
| 010 | @a 93010644 | |
| 020 | @a0256112185. | |
| 020 | @a0256137803 (instructor's ed.). | |
| 020 | @a0256156026 (international ed.). | |
| 040 | @aDLC@cDLC@dDLC | |
| 050 | 00 | @aTS155@b.S3244 1994 |
| 082 | 00 | @a658.5 @2 20 |
| 090 | @aF273/X3 | |
| 090 | @aF273 | |
| 093 | @aF273 @2 3 | |
| 093 | @aF273 @2 4 | |
| 099 | @dF273@ex27=5 | |
| 100 | 1 | @aSchonberger, Richard. |
| 245 | 10 | @aOperations management :@bcontinuous improvement / @cRichard J. Schonberger, Edward M. Knod, Jr. |
| 250 | @a5th ed. | |
| 260 | @aBurr Ridge, Ill. :@bIrwin,@cc1994. | |
| 300 | @axvii, 661 p. :@bill. (some col.) ;@c26 cm. | |
| 504 | @aIncludes bibliographical references and index. | |
| 650 | 0 | @aProduction management. |
| 700 | 1 | @aKnod, Edward M. |
| 920 | @a232010@z2 | |
| Operations management : : continuous improvement / / Richard J. Schonberger, Edward M. Knod, Jr.-5th ed.-Burr Ridge, Ill. : : Irwin, , c1994. |
| xvii, 661 p. : : ill. (some col.) ; ; 26 cm. |
| Includes bibliographical references and index. |
| ISBN 0256112185. |
| ● |
| 相关链接 |
|
|
|
|
正题名:Operations management
索取号:F273/x27=5
 
预约/预借
| 序号 | 登录号 | 条形码 | 馆藏地/架位号 | 状态 | 备注 |
| 1 | 007622 | 300076227 | 第二样本阅览室/ [索取号:F273/x27=5] | 在馆 | |
| 2 | 007623 | 300076236 | 第四借阅区/ [索取号:F273/x27=5] | 在馆 | |
| 3 | 007624 | 300076245 | 第四借阅区/ [索取号:F273/x27=5] | 在馆 | |
| 4 | 007625 | 300076254 | 第四借阅区/ [索取号:F273/x27=5] | 在馆 |